Happiness Index 2025 - Top 20 - Statistics

General Stats
  • This quiz has been taken 110 times
  • The average score is 15 of 20
Answer Stats
Rank Difference from 2024 Answer % Correct
1 Finland
97%
3 Iceland
97%
7 Norway
97%
4 Sweden
97%
2 Denmark
94%
13 -4 Switzerland
91%
11 -1 Australia
86%
18 -3 Canada
86%
12 -1 New Zealand
86%
17 -3 Austria
83%
14 +2 Belgium
83%
5 +1 Netherlands
83%
15 +2 Ireland
80%
9 -1 Luxembourg
74%
20 -2 Czechia
57%
19 +2 Slovenia
51%
6 +6 Costa Rica
49%
10 +15 Mexico
49%
8 -3 Israel
40%
16 +3 Lithuania
34%
No matching quizzes found
Score Distribution
Percent of People with Each Score
Percentile by Number Answered
Your Score History
You have not taken this quiz